Central Library OPAC University of Rajshahi

علم النفس : (Record no. 82138)

MARC details
000 -LEADER
fixed length control field 00903nam a2200253 a 4500
001 - CONTROL NUMBER
control field 82138
003 - CONTROL NUMBER IDENTIFIER
rucl marc code BD-RjUL
005 - DATE AND TIME OF LATEST TRANSACTION
control field 20231017110217.0
008 - FIXED-LENGTH DATA ELEMENTS--GENERAL INFORMATION
fixed length control field 231018s1922 ua 000 0 p d
035 ## - SYSTEM CONTROL NUMBER
System control number (BD-RjUL) 82138
040 ## - CATALOGING SOURCE
Original cataloging agency NNL
Language of cataloging ara
Transcribing agency BD-RjUL
041 ## - LANGUAGE CODE
Language code of text/sound track or separate title per
082 ## - DEWEY DECIMAL CLASSIFICATION NUMBER
Edition number 23
Classification number 150
Author mark and year SII 1922
100 ## - MAIN ENTRY--PERSONAL NAME
Personal name سياسي, علي اكبر ;; Siasi, Ali Akbar
9 (RLIN) 9608
245 10 - TITLE STATEMENT
Title علم النفس :
Remainder of title يا روان شناسي ;; ilm alnafs : ya ruan shunasi /
Statement of responsibility, etc. علي اكبر سياسي ;; Ali Akbar S iasi
250 ## - EDITION STATEMENT
Edition statement الطبعة الثالثة
260 ## - PUBLICATION, DISTRIBUTION, ETC. (IMPRINT)
Place of publication, distribution, etc. tehran :
Name of publisher, distributor, etc. Chhapkhanah Dasgah،
Date of publication, distribution, etc. 1341 1922
300 ## - PHYSICAL DESCRIPTION
Pagination 525، ط[=٩]ص.
Size 23 cm
490 ## - SERIES STATEMENT
Series statement انتشارات دانشگاه تهران ;
Volume/sequential designation 139
650 ## - SUBJECT ADDED ENTRY--TOPICAL TERM
Topical term or geographic name as entry element Psychology
Topical term or geographic name as entry element علم الأمراض النفسية
9 (RLIN) 9609
830 ## - SERIES ADDED ENTRY--UNIFORM TITLE
Uniform title انتشارات دانشگاه تهران
Volume number/sequential designation 139
942 ## - ADDED ENTRY ELEMENTS (KOHA)
Source of classification or shelving scheme Dewey Decimal Classification
Koha item type Books
Holdings
Lost status Source of classification or shelving scheme Damaged status Not for loan Collection code Permanent Location Current Location Shelving location Date acquired Total Checkouts Full call number Date last seen Copy number Koha item type
  Dewey Decimal Classification   Not For Loan Non-fiction Central Library, University of Rajshahi Central Library, University of Rajshahi Reading Room 17/10/2023   F 150 SII 1922 17/10/2023 C-1 Books